| 000 | 00749nam a22002297a 4500 | ||
|---|---|---|---|
| 005 | 20170124110209.0 | ||
| 010 | _aB-017589 | ||
| 020 |
_c00.00 _a8125906363 |
||
| 035 | _aB-017589 | ||
| 037 | _bCen Lib/Ret | ||
| 040 |
_aDPL _bEN |
||
| 082 |
_a000 _bSUR |
||
| 100 |
_aSurana, D.K. _937841 |
||
| 245 |
_aStudy guide company secretaries : _cby D.K. Surana [and] K. guruswamy _bgroup 1 intermediate examinations / |
||
| 260 |
_aNew Delhi _bVikas Publishing House _c1999 |
||
| 270 |
_bNew Delhi _a576 masjid road, jangpura _e110014 |
||
| 300 |
_aviii, 704p. _c21cm(Hb) |
||
| 650 |
_aGeneralia _93517 |
||
| 650 |
_aEntrance Books (company secretary) _937842 |
||
| 700 |
_aGuruswamy, K. _937843 |
||
| 942 |
_2ddc _cEN _h000 _mSUR |
||
| 999 |
_c133398 _d133398 |
||